banner-ar

PERSONAL AND PERFORMANCE: THE MEANING OF ROLE IN DRAMA, THERAPY AND EVERYDAY LIFE / (Record no. 24543)

MARC details
000 -الفاتح
حقل البيانات ثابتة الطول 00551nam a2200193Ia 4500
008 - عناصر البيانات ثابتة الطول - معلومات عامة
حقل البيانات ثابتة الطول 140319s9999 xx 000 0 eng d
040 ## - مصدر الفهرسة
وكالة الفهرسة الأصلية GCL /
وكالة النسخ GCL
082 04 - رقم تصنيف ديوى العشرى
رقم التصنيف 616.891523
رقم المادة L P
100 1# - المدخل الرئيسى - إسم شخصى
الإسم الشخصى LANDY, ROBERT J.
245 10 - بيان العنوان
العنوان PERSONAL AND PERFORMANCE: THE MEANING OF ROLE IN DRAMA, THERAPY AND EVERYDAY LIFE /
بيان المسئوليه,etc LANDY, ROBERT J.
260 ## - PUBLICATION, DISTRIBUTION, ETC. (IMPRINT)
تاريخ النشر أو التوزيع 1993
300 ## - الوصف المادى
التعداد 278 P
650 04 - المدخل الاضافى بالموضوع-مصطلح موضوعى
مصطلح موضوعي ROLE PLAYING
650 04 - المدخل الاضافى بالموضوع-مصطلح موضوعى
مصطلح موضوعي PSYCHODRAMA
650 04 - المدخل الاضافى بالموضوع-مصطلح موضوعى
مصطلح موضوعي SOCIAL ROLE
650 04 - المدخل الاضافى بالموضوع-مصطلح موضوعى
مصطلح موضوعي THERAPEUTICS
942 ## - عناصر المدخل الإضافي( كوها)
مصدر التصنيف او مخطط الترفيف Dewey Decimal Classification
Koha [default] item type كتاب
260 ## - PUBLICATION, DISTRIBUTION, ETC. (IMPRINT)
-- [S.N] :
-- JOHN HOPKINS PRESS ،
Holdings
حالة التراجع حالة الفقد حالة تلف ليس للاعارة المكان المؤقت الموقع الحالى تاريخ الاكتساب اجمالي اﻻعارات رقم الطلب الباركود تاريخ اخر مشاهدة تاريخ تفعيل السعر نوع وعاء كوها
        مكتبة القاهرة الكبرى مكتبة القاهرة الكبرى 03/26/2014   616.891523\L P 43529 03/26/2014 03/26/2014 كتاب
        مكتبة القاهرة الكبرى مكتبة القاهرة الكبرى 03/26/2014   616.891523\L P 43530 03/26/2014 03/26/2014 كتاب

Powered By

EGPV